Vista normal
Vista MARC
Entrada Personal Name
Número de registros utilizados en: 1
001 - CONTROL NUMBER
- control field: 17434
003 - CONTROL NUMBER IDENTIFIER
- control field: DLC
005 - DATE AND TIME OF LATEST TRANSACTION
- control field: 20250905114050.0
008 - FIXED-LENGTH DATA ELEMENTS
- fixed length control field: 060801n| azannaabn |a aaa c
010 ## - LIBRARY OF CONGRESS CONTROL NUMBER
- LC control number: no2006079900
035 ## - SYSTEM CONTROL NUMBER
- System control number: (OCoLC)oca07010878
040 ## - CATALOGING SOURCE
- Original cataloging agency: NmU
- Language of cataloging: spa
- Description conventions: rda
- Transcribing agency: Mx-PuUPA
- Modifying agency: ICU
- Modifying agency: DLC
- Modifying agency: Mx-PuUPA
100 1# - HEADING--PERSONAL NAME
- Personal name: Vázquez Vallejo, Salvador,
370 ## - ASSOCIATED PLACE
- Associated country: México
- Source of term: naf
372 ## - FIELD OF ACTIVITY
- Field of activity: Derecho
- Source of term: lcsh
373 ## - ASSOCIATED GROUP
- Associated group: Benemérita Universidad Autónoma de Puebla
- Associated group: Universidad Autónoma Metropolitana. Unidad Xochimilco
- Source of term: naf
374 ## - OCCUPATION
- Occupation: Abogado
- Occupation: Profesores de derecho
- Occupation: Profesor universitario
- Source of term: lcsh
375 ## - GENDER
- Gender: hombre
377 ## - ASSOCIATED LANGUAGE
- Language code: spa
400 1# - SEE FROM TRACING--PERSONAL NAME
- Personal name: Vallejo, Salvador Vázquez
670 ## - SOURCE DATA FOUND
- Source citation: El pensamiento internacional de Octavio Paz, 2006:
- Information found: t.p. (Salvador Vázquez Vallejo)
670 ## - SOURCE DATA FOUND
- Source citation: Temas contemporáneos de derecho internacional, 2017 :
- Information found: title page (Salvador Vázquez Vallejo) front cover inside flap (Salvador Vázquez Vallejo. Abogado, notario y actuario por la Benemérita Universidad Autónoma de Puebla (BUAP). Maestro en Derecho Económico y doctor en Ciencias Sociales con especialidad en Relaciones Internacionales por la Universidad Autónoma Metropolitana, unidad Xochimilco (UAM-X)... Autor de varios libros, entre los que se destaca "El pensamiento internacional de Octavio Paz"... Actualmente profesor de carrera titular "C" adscrito a la Facultad de Derecho y Ciencias Sociales)